000 00325nam a2200133Ia 4500
008 240624s9999 xx 000 0 und d
041 _aeng
082 _a413 ROO
100 _aROONEY KATHY
245 _aENCARTA CONCISE ENGLISH DICTIONARY
260 _c2001
_aLondon
_bBloomsbury
300 _axxxvi, : 1687 : cms ; 24
365 _cRS
999 _c1
_d1